Estadística en psicología y educación

Guardat en:
Dades bibliogràfiques
Autor principal: Garrett, Henry E (Autor)
Format: Llibre
Idioma:espanyol
Publicat: Buenos Aires Paidos 1979
Col·lecció:Biblioteca de Psicometría y Psicodiagnóstico, 22
Matèries:
Etiquetes: Afegir etiqueta
Sense etiquetes, Sigues el primer a etiquetar aquest registre!

MARC

LEADER 00000nam a2200000 a 4500
001 UCY4481
003 CL-VaPUC
008 950314e19790000AG |||||||||||||||||spa|d
082 0 4 |a 519.5  |b GAR  |2 21 
100 |a Garrett, Henry E  |e author  |9 352549 
245 1 0 |a Estadística en psicología y educación 
300 |a 509 p 
942 |c BK 
945 |d 19950314 00:00:00  |a rbrito 
260 |a Buenos Aires  |b Paidos  |c 1979 
650 0 |a Estadística matemática  |9 260028 
650 7 |a ESTADISTICA EDUCATIVA  |2 CL-VaPUC  |9 307023 
650 7 |a PSICOLOGIA METODOS ESTADISTICOS  |2 CL-VaPUC  |9 326753 
583 |a last modification  |c 19950314 00:00:00  |k Rodrigo Vera 
490 0 |a Biblioteca de Psicometría y Psicodiagnóstico, 22 
999 |c 232330  |d 232328 
952 |0 0  |1 0  |4 0  |6 519_500000000000000_GAR_1979  |7 0  |8 P  |9 236492  |a BIBEDU  |b BIBEDU  |c BIBEDU_PB  |d 2019-11-15  |i 3065650  |o 519.5 GAR 1979  |p 3065650  |r 2024-01-25  |w 2019-11-15  |y BK  |k EDU 
952 |0 0  |1 0  |4 0  |6 519_500000000000000_GAR_1979  |7 0  |8 P  |9 236493  |a BIBEDU  |b BIBEDU  |c BIBEDU_PB  |d 2019-11-15  |i 3065715  |o 519.5 GAR 1979  |p 3065715  |r 2024-01-25  |w 2019-11-15  |y BK  |k EDU 
952 |0 0  |1 0  |4 0  |6 519_500000000000000_GAR_1979  |7 0  |8 P  |9 236494  |a BIBEDU  |b BIBEDU  |c BIBEDU_PB  |d 2019-11-15  |i 3068714  |o 519.5 GAR 1979  |p 3068714  |r 2024-01-25  |w 2019-11-15  |y BK  |k EDU 
952 |0 0  |1 0  |4 0  |6 519_500000000000000_GAR_1979  |7 0  |8 P  |9 236495  |a BIBEDU  |b BIBEDU  |c BIBEDU_PB  |d 2019-11-15  |i 3068722  |o 519.5 GAR 1979  |p 3068722  |r 2024-01-25  |w 2019-11-15  |y BK  |k EDU 
952 |0 0  |1 0  |4 0  |6 519_500000000000000_GAR_1979  |7 0  |8 P  |9 236496  |a BIBEDU  |b BIBEDU  |c BIBEDU_PB  |d 2019-11-15  |i 341891K  |o 519.5 GAR 1979  |p 341891K  |r 2024-01-25  |w 2019-11-15  |y BK  |k BME